| 000 | 00787nam a2200241 i 4500 | ||
|---|---|---|---|
| 001 | 146544 | ||
| 003 | ES-MaACL | ||
| 005 | 20250629063131.0 | ||
| 007 | t| | ||
| 008 | 070912s1983 sp ||||1| spa d | ||
| 080 | _a914.621+914.63(0:860) | ||
| 080 | _a860"19"(082.2) | ||
| 100 | 1 |
_aTovar, Antonio, _d1911-1985 _9111167 |
|
| 245 | 1 | 0 |
_aAncha es Castilla _b: contemplaciones-reflejos de literatura / _cAntonio Tovar. |
| 260 |
_a[Valladolid] : _bAmbito, _c[1983] |
||
| 300 |
_a163 p. ; _c18 cm. |
||
| 490 | 1 |
_aAmbito Castilla y León ; _v11 |
|
| 650 | 4 |
_aLiteratura española- _yS.XX. _9148763 |
|
| 651 | 4 |
_aCastilla- _xEn la literatura. _9148112 |
|
| 830 | 0 |
_aAmbito Castilla y León ; _v11 _9185397 |
|
| 852 |
_aES-MaACL _jL-5752 _bR.106185 |
||
| 999 |
_c146544 _d146544 |
||